Представление документа в формате RUSMARC

ПолеНазваниеЗначение
  Тип записи a
  Библиографический уровень m
001 Контрольный номер RU/SLIB/B/208745934
005 Дата корректировки 20201206204113.4
010 Индекс ISBN __
a ISBN 5-85759-147-3
d Цена 545-60
101 Язык документа __
a Язык текста rus
c Язык оригинала rus
200 Заглавие и сведения об ответственности 1_
a Заглавие Мазуринская Кормчая: Памятник межславянских культурных связей, XIV-XVI вв. Исследования. Тексты
f Первые сведения об ответственности подгот. текста, коммент: Е. В. Белякова [и др.] ; отв. ред. Я. Н. Щапов
b Общее обозначение материала Текст
210 Выходные данные __
a Место издания М.
c Издательство Индрик
d Дата издания 2002
215 Физическое описание __
a Объем 854 с., [12] л. факс.
300 Общие примечания __
a Общие примечания Текст памятника на древнерус. яз.
320 Библиография __
a Библиография Библиогр.: с. 97-98
330 Аннотация __
a Аннотация Памятник включает канонические правила, созданные в течение многовековой истории христианской церкви. Текст издается с разночтением по трем русским спискам XV-XVI вв. В издание вошли также дополнительные статьи русских списков, представляющих собой важные для русской средневековой культуры тексты: сокращенный русский свод канонов из Чудовского собрания, Мерило Праведное и Уставы постановлений в церковные степени Кормчей Ивана Волка Курицына и Книгу Иисуса сына Сирахова из Пермского Номоканона.
606 Тематические рубрики __
a Основная рубрика Право
z Хронологическая подрубрика 14 в.; 15 в.; 16 в.
y Географическая подрубрика Россия
606 Тематические рубрики __
a Основная рубрика История государства и права
610 Ключевые слова __
a Ключевые слова памятники; религии; история; источниковедение; церковное право; каноническое право; Мазуринский список; Чудовский список; Уваровский список; титулы; Рашский список
686 Индексы других классификаций __
a Классификационный индекс 67.3(2)4
702 Вторичная интеллектуальная ответственность _1
a Фамилия Беляков
b Имя Е. В.
4 Код отношения Составитель
4 Код отношения 220
4 Код отношения 212
702 Вторичная интеллектуальная ответственность _1
a Фамилия Щапов
b Имя Я. Н.
4 Код отношения Главный редактор
4 Код отношения 651
801 Источник записи _0
a Страна RU
b Организация Муниципальное бюджетное учреждение культуры "Централизованная библиотечная система" г. Сургут (Центральная городская библиотека им. А. С. Пушкина)
g Правила каталогизации КиК/Поспелова
801 Источник записи _1
a Страна RU
b Организация Муниципальное бюджетное учреждение культуры "Централизованная библиотечная система" г. Сургут (Центральная городская библиотека им. А. С. Пушкина)
g Правила каталогизации КиК/Поспелова
852 Данные о местонахождении __
j Шифр хранения 67.3(2)4
c Каталожный индекс 67.3(2)
i Авторский знак М 13
901 Тип документа __
t Тип документа m
903 Характеристики (МАРС) __
a Дата передачи 20031009
990 Данные о заказе (DOS) __
j Количество экземпляров (DOS) 3
t N записи в КСУ для И/У (DOS) 200310